| 000 | 00784nam a2200217 a 4500 | ||
|---|---|---|---|
| 001 | 016884 | ||
| 003 | BD-ChCU | ||
| 008 | Ben | ||
| 020 | _a | ||
| 040 |
_aDLC _cDLC _dBD-ChCU |
||
| 082 | 0 | 0 | _a২০০/দাশ ৬ বা |
| 100 | 1 |
_aদাশগুপ্ত, শশিভূষন _b- |
|
| 245 | 1 | 0 |
_aবাঙলা সাহিত্যের পটভূমিরুপে কয়েকটি ধর্মসাধনা ঃ _bবাঙলা সাহিত্যের গুহ্যসাধনার ধারা |
| 250 | _a*** | ||
| 260 |
_aকলকাতা _bভারবি _c১৯৯১ |
||
| 300 | _a** | ||
| 504 | _a- Biblio- | ||
| 650 | 0 |
_aধর্ম সাধনা _bবাংলা সাহিত্য |
|
| 700 | 1 | _a- | |
| 942 |
_2ddc _cBK |
||
| 999 |
_c16884 _d16884 |
||